| 000 | 02371nam a22003497a 4500 | ||
|---|---|---|---|
| 005 | 20080613113214.0 | ||
| 008 | 080611t xxu||||| |||| 00| 0 eng d | ||
| 010 | _aB-262457-468 | ||
| 020 |
_a8176932981 _c175.00 |
||
| 040 |
_aDPL _bEN |
||
| 082 | _aS | ||
| 245 |
_aStories to read: _bfavourite stories for young children |
||
| 260 |
_bKiddz Book _c2006 _aBelgium |
||
| 270 |
_a _bBelgium |
||
| 300 |
_a95p.: _c28 cm (Hb) _bcol. ill. |
||
| 700 | _a | ||
| 942 |
_cCH _hS _2ddc _mSTO |
||
| 999 |
_c13603 _d13603 |
||